Các phẫu thuật thông thường tai-mũi-họng : Các phẫu thuật Họng Thanh Thực Quản

Сохранить в:
Библиографические подробности
Главный автор: Lê, Văn Lợi
Формат:
Язык:Undetermined
Опубликовано: Hà Nội Y Học 1997
Предметы:
Метки: Добавить метку
Нет меток, Требуется 1-ая метка записи!
Thư viện lưu trữ: Trung tâm Học liệu Trường Đại học Cần Thơ
LEADER 00620nam a2200193Ia 4500
001 CTU_24001
008 210402s9999 xx 000 0 und d
082 |a 617.51 
082 |b L462 
100 |a Lê, Văn Lợi 
245 0 |a Các phẫu thuật thông thường tai-mũi-họng : 
245 0 |b Các phẫu thuật Họng Thanh Thực Quản 
245 0 |c Lê Văn Lợi 
260 |a Hà Nội 
260 |b Y Học 
260 |c 1997 
650 |a Otolaryngology,Respiratory organs - diseases 
904 |i Thương, 980327 
980 |a Trung tâm Học liệu Trường Đại học Cần Thơ